00553nam a2200181Ia 450000500170000000800410001702000150005808200130007310000310008624500460011726000420016330000130020565000240021865000130024294200060025595200950026199900150035620250703005734.0240331s9999 xx 000 0 und d a955205818X bCHAa398 aChandima himi Waththewewee 0aAdyathana sinhala geethaya ha jansruthiya aColombo bS . Godage & Brothersc2002 a254 p ., aModern Sinhala song aFolklore cL 001040708LaWERCLbWERCLcSSCd2024-03-31l0o 398 CHAp4814r2024-03-31w2024-03-31yL c5130d5130